00796naa#a2200169#i#4500001001600000005001700016011001400033100004100047101000800088102000700096200031200103210010500415215001100520608004500531700002400576856002600600RU\\bibl\10314520260701075019.3##a2542-1840##a20260630b2026####ek#y0rusy0150####ca0#aENG##aRU1#aНарративное исследование феномена инволюция в процессе подготовки к вступительным экзаменам в магистратуру среди китайских студентов-бакалавровeЖурнальная статья1#aКемеровоcКемеровский государственный университетd2026##a12 с.##aЖурнальная статья2local#1aЧжанgИнся 4#avestnik-pses.kemsu.ru